Sbírka řešených příkladů z matematiky logika a množiny, lineární a vektorová algebra, analytická geometrie, posloupnosti a řady, diferenciální a integrální počet funkcí jedné proměnné
Gespeichert in:
| Format: | Buch |
|---|---|
| Sprache: | Tschechisch |
| Veröffentlicht: |
Praha
Státní nakladatelství technické literatury
1979
|
| Tags: |
Keine Tags, Fügen Sie das erste Tag hinzu!
|
MARC
| LEADER | 00000nam a2200000 4500 | ||
|---|---|---|---|
| 001 | 0229626 | ||
| 005 | 20260323075913.9 | ||
| 041 | 0 | |a cze | |
| 044 | |a CZ | ||
| 245 | 1 | 0 | |a Sbírka řešených příkladů z matematiky |b logika a množiny, lineární a vektorová algebra, analytická geometrie, posloupnosti a řady, diferenciální a integrální počet funkcí jedné proměnné |c František Jirásek, Eduard Kriegelstein, Zdeněk Tichý |
| 264 | 1 | |a Praha |b Státní nakladatelství technické literatury |c 1979 | |
| 300 | |a 817 s. | ||